Decimo Zecchino d'Oro (Record n. 103167)
[ formato base ]
| 000 -LEADER | |
|---|---|
| fixed length control field | 03540njm a2200553Ia 4500 |
| 001 - CONTROL NUMBER | |
| control field | 27547 |
| 003 - CONTROL NUMBER IDENTIFIER | |
| control field | IT-RoPAU |
| 005 - DATE AND TIME OF LATEST TRANSACTION | |
| control field | 20220918181203.0 |
| 008 - FIXED-LENGTH DATA ELEMENTS--GENERAL INFORMATION | |
| fixed length control field | 131025s9999 xx 000 0 und d |
| 040 ## - CATALOGING SOURCE | |
| Original cataloging agency | IT-RoPAU |
| 040 ## - CATALOGING SOURCE | |
| Transcribing agency | IT-RoPAU |
| 041 ## - LANGUAGE CODE | |
| Language code of text/sound track or separate title | ITALIANO |
| 999 ## - SYSTEM CONTROL NUMBERS (KOHA) | |
| Koha Dewey Subclass [OBSOLETE] | n.d. |
| 100 ## - MAIN ENTRY--PERSONAL NAME | |
| Personal name | AA.VV. |
| 9 (RLIN) | 794 |
| 100 ## - MAIN ENTRY--PERSONAL NAME | |
| Relator term | Autore musica |
| 9 (RLIN) | 18509 |
| 100 ## - MAIN ENTRY--PERSONAL NAME | |
| Miscellaneous information | Codice autore musica SPICS: 12000 |
| 9 (RLIN) | 796 |
| 245 ## - TITLE STATEMENT | |
| Title | Decimo Zecchino d'Oro |
| 250 ## - EDITION STATEMENT | |
| Edition statement | 1a ed. |
| 260 ## - PUBLICATION, DISTRIBUTION, ETC. (IMPRINT) | |
| Place of publication, distribution, etc. | MILANO |
| 260 ## - PUBLICATION, DISTRIBUTION, ETC. (IMPRINT) | |
| Name of publisher, distributor, etc. | RI - FI RECORD COMPANY |
| Date of publication, distribution, etc. | 1968 [1a Ed.:1968 - Ed. Lingua Orig.: 1968] |
| 300 ## - PHYSICAL DESCRIPTION | |
| Extent | DISCO |
| 500 ## - GENERAL NOTE | |
| General note | Canzone italiana per bambini presentate al decimo Zecchino d'Oro e interpretate dal Piccolo Coro dell'Antoniano |
| 505 ## - FORMATTED CONTENTS NOTE | |
| Formatted contents note | Il torero Camomillo - Tre guerrieri indiani - Il valzer del moscerino - Il semaforo - Abracadabra - La banda dello zoo - Se fossi Leonardo - Sitting Bull - Il topo Zorro - Coriolano, l'allegro caimano - Quarantaquattro gatti |
| 511 ## - PARTICIPANT OR PERFORMER NOTE | |
| Participant or performer note | Direttore d'orchestra: Bussoli G. |
| 650 ## - SUBJECT ADDED ENTRY--TOPICAL TERM | |
| Topical term or geographic name as entry element | CANTI BAMBINI [DISCHI] |
| Relator term | Codice MATERIA SPICS: 9950 |
| 9 (RLIN) | 2086 |
| 700 ## - ADDED ENTRY--PERSONAL NAME | |
| Personal name | Piccolo Coro dell'Antoniano |
| Miscellaneous information | Codice interprete SPICS: 14061 |
| Relator term | Interprete |
| 9 (RLIN) | 18510 |
| 700 ## - ADDED ENTRY--PERSONAL NAME | |
| Personal name | Pagano Mario |
| Miscellaneous information | Codice autore musica SPICS: 8177 |
| Relator term | Autore musica |
| Name of part/section of a work | Il torero Camomillo - La banda dello zoo |
| 9 (RLIN) | 18513 |
| 700 ## - ADDED ENTRY--PERSONAL NAME | |
| Personal name | Maresca F. |
| Miscellaneous information | Codice autore testo/musica SPICS: 28355 |
| Relator term | Autore testo/musica |
| Name of part/section of a work | Il torero Camomillo |
| 9 (RLIN) | 18514 |
| 700 ## - ADDED ENTRY--PERSONAL NAME | |
| Personal name | Comolli Niny |
| Miscellaneous information | Codice autore musica SPICS: 28356 |
| Relator term | Autore musica |
| Name of part/section of a work | Tre guerrieri indiani |
| 9 (RLIN) | 18515 |
| 700 ## - ADDED ENTRY--PERSONAL NAME | |
| Personal name | Marcora |
| Miscellaneous information | Codice autore testo/musica SPICS: 28357 |
| Relator term | Autore testo/musica |
| Name of part/section of a work | Tre guerrieri indiani |
| 9 (RLIN) | 18516 |
| 700 ## - ADDED ENTRY--PERSONAL NAME | |
| Personal name | Della Giustina A. |
| Miscellaneous information | Codice autore musica SPICS: 28358 |
| Relator term | Autore musica |
| Name of part/section of a work | Il valzer del moscerino |
| 9 (RLIN) | 18517 |
| 700 ## - ADDED ENTRY--PERSONAL NAME | |
| Personal name | Zanin L. |
| Miscellaneous information | Codice autore testo/musica SPICS: 18922 |
| Relator term | Autore testo/musica |
| Name of part/section of a work | Il valzer del moscerino |
| 9 (RLIN) | 18518 |
| 700 ## - ADDED ENTRY--PERSONAL NAME | |
| Personal name | Martelli G.Bruno |
| Miscellaneous information | Codice autore musica SPICS: 14244 |
| Relator term | Autore musica |
| Name of part/section of a work | Il semaforo |
| 9 (RLIN) | 18519 |
| 700 ## - ADDED ENTRY--PERSONAL NAME | |
| Personal name | Stelletti Sauro |
| Miscellaneous information | Codice autore SPICS: 26088 |
| Relator term | Autore |
| Name of part/section of a work | Il semaforo |
| 9 (RLIN) | 18520 |
| 700 ## - ADDED ENTRY--PERSONAL NAME | |
| Personal name | Pinchi (Pinci) (Perotti Pino) |
| Miscellaneous information | Codice autore testo/musica SPICS: 13615 |
| Relator term | Autore musica |
| Name of part/section of a work | Il semaforo - Se fossi Leonardo |
| 9 (RLIN) | 18521 |
| 700 ## - ADDED ENTRY--PERSONAL NAME | |
| Personal name | Giovando E. |
| Miscellaneous information | Codice autore musica SPICS: 28359 |
| Relator term | Autore musica |
| Name of part/section of a work | Abracadabra |
| 9 (RLIN) | 18522 |
| 700 ## - ADDED ENTRY--PERSONAL NAME | |
| Personal name | Aloisini A. |
| Miscellaneous information | Codice autore testo/musica SPICS: 28360 |
| Relator term | Autore testo/musica |
| Name of part/section of a work | Abracadabra |
| 9 (RLIN) | 18523 |
| 700 ## - ADDED ENTRY--PERSONAL NAME | |
| Personal name | Sterpellone Luciano |
| Miscellaneous information | Codice autore testo/musica SPICS: 27429 |
| Relator term | Autore musica |
| Name of part/section of a work | La banda dello zoo |
| 9 (RLIN) | 18524 |
| 700 ## - ADDED ENTRY--PERSONAL NAME | |
| Personal name | Martini Renato |
| Miscellaneous information | Codice autore musica SPICS: 28361 |
| Relator term | Autore musica |
| Name of part/section of a work | Se fossi Leonardo |
| 9 (RLIN) | 18525 |
| 700 ## - ADDED ENTRY--PERSONAL NAME | |
| Personal name | Cipriani Stelvio |
| Miscellaneous information | Codice autore musica SPICS: 10828 |
| Relator term | Autore musica |
| Name of part/section of a work | Sitting Bull |
| 9 (RLIN) | 18526 |
| 700 ## - ADDED ENTRY--PERSONAL NAME | |
| Personal name | Cassia |
| Miscellaneous information | Codice autore testo/musica SPICS: 16005 |
| Relator term | Autore testo/musica |
| Name of part/section of a work | Sitting Bull |
| 9 (RLIN) | 18527 |
| 700 ## - ADDED ENTRY--PERSONAL NAME | |
| Personal name | Amadesi |
| Miscellaneous information | Codice autore musica SPICS: 16084 |
| Relator term | Autore musica |
| Name of part/section of a work | Il topo Zorro |
| 9 (RLIN) | 18528 |
| 700 ## - ADDED ENTRY--PERSONAL NAME | |
| Personal name | Venturi M. |
| Miscellaneous information | Codice autore SPICS: 28362 |
| Relator term | Autore |
| Name of part/section of a work | Il topo Zorro |
| 9 (RLIN) | 18529 |
| 700 ## - ADDED ENTRY--PERSONAL NAME | |
| Personal name | Chiosso Leo |
| Miscellaneous information | Codice autore testo/musica SPICS: 13606 |
| Relator term | Autore testo/musica |
| Name of part/section of a work | Il topo Zorro |
| 9 (RLIN) | 18530 |
| 700 ## - ADDED ENTRY--PERSONAL NAME | |
| Personal name | Buffoli V. |
| Miscellaneous information | Codice autore musica SPICS: 15904 |
| Relator term | Autore musica |
| Name of part/section of a work | Coriolano, l'allegro caimano |
| 9 (RLIN) | 18531 |
| 700 ## - ADDED ENTRY--PERSONAL NAME | |
| Personal name | Sessa Vitali Vittorio |
| Miscellaneous information | Codice autore testo/musica SPICS: 26086 |
| Relator term | Autore testo/musica |
| Name of part/section of a work | Coriolano, l'allegro caimano |
| 9 (RLIN) | 18532 |
| 700 ## - ADDED ENTRY--PERSONAL NAME | |
| Personal name | Casarini G. |
| Miscellaneous information | Codice autore testo/musica SPICS: 26122 |
| Relator term | Autore testo/musica |
| Name of part/section of a work | Quarantaquattro gatti |
| 9 (RLIN) | 18533 |
| 942 ## - ADDED ENTRY ELEMENTS (KOHA) | |
| Koha item type | DISCHI |
| Source of classification or shelving scheme | Dewey Decimal Classification |
| Withdrawn status | Lost status | Damaged status | Not for loan | Home library | Current library | Date acquired | Total Checkouts | Full call number | Date last seen | Price effective from | Koha item type | Public note |
|---|---|---|---|---|---|---|---|---|---|---|---|---|
| Buone Condizioni | Not For Loan | SPICS-MEDIATECA | SPICS-MEDIATECA | 25/10/2013 | 27547 | 25/10/2013 | 25/10/2013 | DISCHI | Progr. Ins.: 7104 / N.Vol.: 1 / Copie: 1 - Copia rara: n.d. / date import: 01.01.2014 - By Epidotti, Trombetti, Vaglietti |